Thyagaraja yoga vaibhavam, Shree Thyagaraja vishwakosha samputa- 2. (Record no. 104575)

MARC details
000 -LEADER
fixed length control field 01570nam a2200229Ia 4500
003 - CONTROL NUMBER IDENTIFIER
control field OSt
005 - DATE AND TIME OF LATEST TRANSACTION
control field 20260606093809.0
008 - FIXED-LENGTH DATA ELEMENTS--GENERAL INFORMATION
fixed length control field 210210b2001 xxu||||| |||| 00| 0 eng d
020 ## - INTERNATIONAL STANDARD BOOK NUMBER
International Standard Book Number 81 7286 237 7
040 ## - CATALOGING SOURCE
Transcribing agency AL
041 ## - LANGUAGE CODE
Language code of text/sound track or separate title Kannada
082 ## - DEWEY DECIMAL CLASSIFICATION NUMBER
Classification number 780.954K BHAT
100 ## - MAIN ENTRY--PERSONAL NAME
Personal name BHARATA-BHARATI SANGEETHA SEVA PRATHISHTANA (Nom).
Dates associated with a name ಭಾರತ-ಭಾರತಿ ಸಂಗೀತ ಸೇವಾ ಪ್ರತಿಷ್ಠಾನ
9 (RLIN) 265390
245 ## - TITLE STATEMENT
Title Thyagaraja yoga vaibhavam, Shree Thyagaraja vishwakosha samputa- 2.
Remainder of title ತ್ಯಾಗರಾಜ ಯೋಗ ವೈಭವಮ್, ಶ್ರೀ ತ್ಯಾಗರಾಜ ವಿಶ್ವಕೋಶ ಸಂಪುಟ- ೨
260 ## - PUBLICATION, DISTRIBUTION, ETC.
Place of publication, distribution, etc. Bengaluru.
Name of publisher, distributor, etc. Prism Books Pvt, Ltd.,
Date of publication, distribution, etc. 2001
300 ## - PHYSICAL DESCRIPTION
Extent 264
520 ## - SUMMARY, ETC.
Summary, etc. ಮಹಾನ್ ಕೃತಿಪ್ರಕಾರಗಳ ಸಂಯೋಜಕರಾದ ಶ್ರೀ ತ್ಯಾಗರಾಜರ ಜೀವನ ಮತ್ತು ಸಂಗೀತ ಸಾಧನೆಯನ್ನು ಕುರಿತಾದ ಸಮಗ್ರ ವಿಶ್ವಕೋಶದ ಎರಡನೇ ಸಂಪುಟ ಇದಾಗಿದೆ. ಈ ಭಾಗದಲ್ಲಿ ಅವರ ಅಪೂರ್ವ ಕೃತಿಗಳು, ರಾಗ ಸಂಯೋಜನೆಗಳು ಮತ್ತು ಕರ್ನಾಟಕ ಸಂಗೀತಕ್ಕೆ ಅವರು ನೀಡಿದ ಕೊಡುಗೆಗಳ ಆಳವಾದ ವಿಶ್ಲೇಷಣೆ ಇದೆ.
650 ## - SUBJECT ADDED ENTRY--TOPICAL TERM
Topical term or geographic name entry element ಸಂಗೀತ, ಕಲೆ ಮತ್ತು ಸಾಂಸ್ಕೃತಿಕ ಸಂಶೋಧನಾ ಗ್ರಂಥ.
9 (RLIN) 265391
690 ## - LOCAL SUBJECT ADDED ENTRY--TOPICAL TERM (OCLC, RLIN)
Topical term or geographic name as entry element Music
9 (RLIN) 265392
906 ## - LOCAL DATA ELEMENT F, LDF (RLIN)
a 057280
942 ## - ADDED ENTRY ELEMENTS (KOHA)
Source of classification or shelving scheme Dewey Decimal Classification
Koha item type Book
Holdings
Withdrawn status Lost status Damaged status Not for loan Collection code Home library Current library Shelving location Date acquired Source of acquisition Cost, normal purchase price Total Checkouts Full call number Barcode Date last seen Price effective from Koha item type
          St Aloysius Library St Aloysius Library   02/17/2021 Yashaswi Enterprises, Bangalore. 295.00   780.954K BHAT 057280 02/17/2021 02/17/2021 Book